ბათუმის შოთა რუსთაველის სახელმწიფო უნივერსიტეტის ბიბლიოთეკა

GroBes Ubungsbuch Deutsch : Wortschatz / (ბიბ.ჩანაწერი № 50579)

000 -LEADER
fixed length control field 00680nam a2200229Ia 4500
001 - CONTROL NUMBER
control field 17529
003 - CONTROL NUMBER IDENTIFIER
control field GE_BSU
005 - DATE AND TIME OF LATEST TRANSACTION
control field 20200213162446.0
008 - FIXED-LENGTH DATA ELEMENTS--GENERAL INFORMATION
fixed length control field 181216s2011ge xx |||||||||||||| ||ger||
020 ## - INTERNATIONAL STANDARD BOOK NUMBER
International Standard Book Number 9783192017216
040 ## - CATALOGING SOURCE
Transcribing agency GE_BSU
041 ## - LANGUAGE CODE
Language code of text/sound track or separate title ger
080 ## - UNIVERSAL DECIMAL CLASSIFICATION NUMBER
Universal Decimal Classification number 811.112(075.8) B-86
100 ## - MAIN ENTRY--PERSONAL NAME
Personal name Brill,Lilli-Marlen.
9 (RLIN) 7079
245 ## - TITLE STATEMENT
Title GroBes Ubungsbuch Deutsch : Wortschatz /
Statement of responsibility, etc. Lilli-Marlen Brill ; Marion Techmer.
264 ## - PRODUCTION, PUBLICATION, DISTRIBUTION, MANUFACTURE, AND COPYRIGHT NOTICE
Place of production, publication, distribution, manufacture Germany :
Name of producer, publisher, distributor, manufacturer Hueber,
Date of production, publication, distribution, manufacture, or copyright notice 2011.
300 ## - PHYSICAL DESCRIPTION
Extent 400 p;
Dimensions 23 cm.
653 ## - INDEX TERM--UNCONTROLLED
keyword Grosses Ubungsbuch Deutsch
653 ## - INDEX TERM--UNCONTROLLED
keyword გერმანული ენა (ლექსიკა)
700 ## - ADDED ENTRY--PERSONAL NAME
Personal name Techmer, Marion.
9 (RLIN) 7080
942 ## - ADDED ENTRY ELEMENTS (KOHA)
Koha item type წიგნი
Source of classification or shelving scheme
ეგზემპლარები
Withdrawn status Lost status Source of classification or shelving scheme Damaged status Not for loan Permanent Location Current Location Shelving location Date acquired Cost, normal purchase price Full call number Barcode Date last seen Copy number Price effective from Koha item type Public note
          ბათუმის შოთა რუსთაველის სახელმწიფო უნივერსიტეტის მთავარი ბიბლიოთეკა ბათუმის შოთა რუსთაველის სახელმწიფო უნივერსიტეტის მთავარი ბიბლიოთეკა წიგნსაცავი 2018-12-17 118.00 811.112(075.8) B-86 45589 2018-12-17 45589 2018-12-17 წიგნი 118gel.